Statistics for Marvel Ultimate Alliance Boss Fights

Click here to take the quiz!

General Stats

  • This quiz has been taken 74 times
    (71 since last reset)
  • The average score is 24 of 46

Answer Stats

Answer% Correct
Doctor Doom
95%
Galactus
87%
Loki
87%
Mephisto
82%
Mandarin
79%
Ultron
77%
Enchantress
72%
MODOK
72%
Rhino
72%
Baron Mordo
67%
Blackheart
67%
Mysterio
67%
Scorpion
67%
Fin Fang Foom
64%
Lizard
64%
Winter Soldier
64%
Arcade
62%
Bullseye
62%
Super Skrull
59%
Attuma
56%
Crimson Dynamo
56%
Executioner
56%
Radioactive Man
56%
Shocker
54%
Wrecker
54%
Piledriver
49%
Thunderball
46%
Ymir
46%
Gladiator
44%
Tiger Shark
44%
Bulldozer
38%
Deathbird
38%
Grey Gargoyle
38%
Kurse
38%
Destroyer
36%
Ultimo
36%
Dragon Man
33%
Krang
33%
Titannus
33%
Ulik
31%
Neutron
28%
Paibok
28%
Warstar
28%
Byrrah
26%
Hussar
26%
Starbolt
26%

Score Distribution

Percentile by Number Answered

Percent of People with Each Score

Your Score History

You have not taken this quiz since the last reset